| 000 | 01674nam a22003617a 4500 | ||
|---|---|---|---|
| 001 | 000763 | ||
| 003 | DO-SdBNP | ||
| 005 | 20180214111331.0 | ||
| 007 | 000763 | ||
| 008 | 161116b 2010 uy a ||||| |||| 00| 0 spa d | ||
| 020 | _a 9789974686731 | ||
| 040 |
_aBPMSU _bspa _cBPMSU |
||
| 082 | 4 |
_a500 _bP658d |
|
| 100 | 1 | _aPinski, Anabella Victoria | |
| 245 | 1 | 0 |
_aA descubrir y conocer la magia de las ciencias : _biniciación al conocimiento científico y tecnológico / _cAnabella Victoria Pinski ; ilustraciones especiales Diego Andrés Klacik. |
| 260 | 0 |
_aMontevideo : _bArquetipo Grupo Editorial, _bLexus, _c2010. |
|
| 300 |
_a263 p. : _bil. ; _c27 cm. + _eCD-ROM |
||
| 505 | 0 |
_tLa luz. Una amiga luminosa -- _t El aire. Un amigo andarín -- _tEl agua. Nuestra amiga viajera -- _tEl sonido. Ruidos y ruiditos -- _t Alimentación. ¡Hora de comer! -- _tEl suelo. Un tesoro natural -- _tOcupaciones y profesiones. ¿ Quién sabe hacer? -- _tLos materiales. ¿Suave, áspero, duro? -- _t Las herramientas. Ayudantes útiles -- _t Las técnicas. Secretos para hacer -- _tFuerza y equilibrio. ¡Mira que fuerza! -- _tLa electricidad. Energía especial -- _tEl mundo vegetal. Secretos de las plantas -- _t El mundo animal. Secretos de los animales. |
|
| 650 | 4 | _aCIENCIAS NATURALES | |
| 650 | 4 | _aLUZ | |
| 650 | 4 | _aAIRE | |
| 650 | 4 | _aAGUA | |
| 650 | 4 | _aPLANTAS | |
| 650 | 4 | _aSUELOS | |
| 650 | 4 | _aSONIDO | |
| 650 | 4 | _aFUERZA Y ENERGÍA | |
| 650 | 4 | _aELECTRICIDAD | |
| 700 | 1 | 2 |
_aKlacik, Diego Andrés, _eil. |
| 910 | _aValidado. Control de calidad MFF | ||
| 942 |
_2ddc _cBK |
||
| 945 | _aInventariado, 2018 / BT | ||
| 956 |
_2LOPEREZ _310 _620161129 _8BPMSU _a00041 |
||
| 999 |
_c12157 _d12157 |
||